| 000 | 00492nam a2200157Ia 4500 | ||
|---|---|---|---|
| 008 | 210716s2012 xx 000 0 und d | ||
| 020 | _a9781107608672 | ||
| 041 | _aeng | ||
| 082 | _a658.4012 SACS | ||
| 100 | _aSachs, Sybille;Ruhli, Edwin. | ||
| 245 |
_aStakeholders matter: a new paradigm for strategy in society. _bNew paradigm for strategy in society. |
||
| 250 | _a1 | ||
| 260 |
_aNew Delhi _bCambridge University Press _c2012 |
||
| 300 | _axviii,278 | ||
| 650 | _aStrategic Management | ||
| 999 |
_c208686 _d208686 |
||